Ковры / (Record no. 478530)
[ view plain ]
| 000 -LEADER | |
|---|---|
| fixed length control field | 00746nam a2200205 a 4500 |
| 001 - CONTROL NUMBER | |
| control field | 001098902 |
| 003 - CONTROL NUMBER IDENTIFIER | |
| control field | AM-YeHGA |
| 005 - DATE AND TIME OF LATEST TRANSACTION | |
| control field | 20250617161844.0 |
| 008 - FIXED-LENGTH DATA ELEMENTS--GENERAL INFORMATION | |
| fixed length control field | 150831s1950 ru r 000 0 rus d |
| 040 ## - CATALOGING SOURCE | |
| Original cataloging agency | AM-YeHGA |
| 041 0# - LANGUAGE CODE | |
| Language code of text/sound track or separate title | rus |
| 090 ## - LOCALLY ASSIGNED LC-TYPE CALL NUMBER (OCLC); LOCAL CALL NUMBER (RLIN) | |
| -- | 481869 |
| 100 1# - MAIN ENTRY--PERSONAL NAME | |
| Personal name | Гогель, Федор Владимирович |
| 245 00 - TITLE STATEMENT | |
| Title | Ковры / |
| Statement of responsibility, etc. | Ф. В. Гогель. |
| 260 ## - PUBLICATION, DISTRIBUTION, ETC. | |
| Place of publication, distribution, etc. | Москва : |
| Name of publisher, distributor, etc. | изд-во и 2-я тип. Гос. изд. архитектуры и градостроительства, |
| Date of publication, distribution, etc. | 1950. |
| 300 ## - PHYSICAL DESCRIPTION | |
| Extent | 103 с текста : |
| Other physical details | 108 с. ил ; |
| Dimensions | 23 см. |
| 504 ## - BIBLIOGRAPHY, ETC. NOTE | |
| Bibliography, etc. note | Библиогр.: с. 205 |
| 600 14 - SUBJECT ADDED ENTRY--PERSONAL NAME | |
| Personal name | Гогель, Федор Владимирович |
| Dates associated with a name | (1879–1951) |
| 650 14 - SUBJECT ADDED ENTRY--TOPICAL TERM | |
| Topical term or geographic name entry element | Библиогр.: с. 205 |
| Withdrawn status | Lost status | Source of classification or shelving scheme | Damaged status | Not for loan | Collection | Home library | Current library | Date acquired | Total checkouts | Full call number | Barcode | Date last seen | Price effective from | Koha item type | Public note |
|---|---|---|---|---|---|---|---|---|---|---|---|---|---|---|---|
| Universal Decimal Classification | General | Fundamental Scientific Library | Fundamental Scientific Library | 12/11/2018 | РД II/15100 | FL0539708 | 12/11/2018 | 12/11/2018 | Գրքեր / Books | 30 Days Load |
ՀՀ Գիտությունների ազգային ակադեմիայի հիմնարար գիտական գրադարան = Fundamental Scientific Library of NAS RA
All site content, except where otherwise noted, is licensed under a